Statistiken für Alle Studienalben der Rolling Stones

Klicken Sie hier um das Quiz zu spielen!

Allgemein

  • Dieses Quiz wurde 10 mal gespielt
  • Das Durchschnittsergebnis liegt bei 5 aus 24

Antwortstatistiken

HintAntwort% Korrekt
1978Some Girls
56%
1997Bridges to Babylon
44%
1972Exile on Main St
44%
1971Sticky Finger
44%
1981Tattoo You
44%
1964The Rolling Stones
44%
1966Aftermath
33%
1967Between the Buttons
33%
1969Let It Bleed
33%
1986Dirty Work
22%
196412 X 5
11%
1976Black and Blue
11%
2016Blue & Lonesome
11%
1973Goats Head Soup
11%
1974It's Only Rock 'n Roll
11%
1989Steel Wheels
11%
1965The Rolling Stones No. 2
11%
1983Undercover
11%
1994Voodoo Lounge
11%
2005A Bigger Bang
0%
1968Beggars Bancuet
0%
1965December's Children (And Everybody's)
0%
1965Put of Our Heads
0%
1967Their Satanic Maesties Request
0%

Verteilung der Resultate

Perzentil nach korrekt beantworteten Fragen

Anzahl Personen mit jedem Resultat

Ihre Resultats-Entwicklung

Sie haben dieses Quiz noch nicht gespielt